Το μυστικό του πατέρα
Αποθηκεύτηκε σε:
| Κύριος συγγραφέας: | |
|---|---|
| Άλλοι συγγραφείς: | |
| Μορφή: | Βιβλίο |
| Γλώσσα: | Greek |
| Δημοσίευση: |
[Θεσσαλονίκη] :
Ρέκος,
197?.
|
| Σειρά: | Έλληνες και ξένοι συγγραφείς
|
| Θέματα: | |
| Ετικέτες: |
Προσθήκη ετικέτας
Δεν υπάρχουν, Καταχωρήστε ετικέτα πρώτοι!
|
MARC
| LEADER | 00000nam a2200000 a 4500 | ||
|---|---|---|---|
| 001 | 1/126874 | ||
| 008 | 230615s197?####gr | ||| |||| ||gre|| | ||
| 040 | |a GR-MyUa |b gre |c GR-MyUa |e AACR2 | ||
| 041 | 0 | |a gre | |
| 082 | 7 | |a 808.899282 |2 (23) | |
| 100 | 1 | |a Παπάκου-Λάγου, Αυγή Β., |d 1922- | |
| 245 | 1 | 0 | |a Το μυστικό του πατέρα / |c Αυγή Παπάκου ; επιμέλεια : Θεόδωρος Ιωαννίδης. |
| 260 | |a [Θεσσαλονίκη] : |b Ρέκος, |c 197?. | ||
| 300 | |a 142 σ. : |b εικ. ; |c 21 εκ. | ||
| 490 | 1 | |a (Έλληνες και ξένοι συγγραφείς) ; |v 1 | |
| 650 | 0 | |a Children's literature. | |
| 650 | 0 | |a Illustrated children's books. | |
| 650 | 0 | |a Storytelling |x Fiction. | |
| 700 | 1 | |a Ιωαννίδης, Θόδωρος, |e edt | |
| 830 | 0 | |a Έλληνες και ξένοι συγγραφείς | |
| 970 | |a Σιδερή |b Νεκταρία |z 15-06-2023 | ||